000 00236nam a22000857a 4500
008 170113b xxu||||| |||| 00| 0 eng d
100 _92380
_aSingh. G
245 _aNew Generation Environmental Studies-3
260 _aNew Delhi
_bHoly Faith
_c2007
999 _c5384
_d5384